<?xml version="1.0" encoding="UTF-8"?>
<record
    xmlns:xsi="http://www.w3.org/2001/XMLSchema-instance"
    xsi:schemaLocation="http://www.loc.gov/MARC21/slim http://www.loc.gov/standards/marcxml/schema/MARC21slim.xsd"
    xmlns="http://www.loc.gov/MARC21/slim">

  <leader>01423ngm a2200265 a 4500</leader>
  <controlfield tag="005">20220317001828.0</controlfield>
  <controlfield tag="008">170410s2005    c      g      000 0 spa  </controlfield>
  <datafield tag="041" ind1=" " ind2=" ">
    <subfield code="a">spa</subfield>
  </datafield>
  <datafield tag="082" ind1="0" ind2="4">
    <subfield code="a">930</subfield>
    <subfield code="b">D37m</subfield>
  </datafield>
  <datafield tag="110" ind1="2" ind2=" ">
    <subfield code="a">Discovery Communications</subfield>
    <subfield code="9">77580</subfield>
  </datafield>
  <datafield tag="245" ind1="1" ind2="0">
    <subfield code="a">Maravillas antiguas</subfield>
    <subfield code="c">Discovery Communications</subfield>
    <subfield code="h">videodisco digital</subfield>
  </datafield>
  <datafield tag="250" ind1=" " ind2=" ">
    <subfield code="a">1a. edici&#xF3;n</subfield>
  </datafield>
  <datafield tag="300" ind1=" " ind2=" ">
    <subfield code="a">1 DVD (30 minutos)</subfield>
    <subfield code="b">sonido, color</subfield>
    <subfield code="c">19 cm</subfield>
  </datafield>
  <datafield tag="490" ind1=" " ind2=" ">
    <subfield code="a">Discovery Channel. Educaci&#xF3;n</subfield>
  </datafield>
  <datafield tag="520" ind1=" " ind2=" ">
    <subfield code="a">Historias maravillosas de civilizaciones del pasado en el mar Egeo, Per&#xFA; y China. Los misterios de Minoan, &#xBF;est&#xE1; la Atl&#xE1;ntida en la ciudad de Minoan? &#xBF;desapareci&#xF3; por una erupci&#xF3;n volc&#xE1;nica?. La civilaci&#xF3;n Moche: en la costa norte del Per&#xFA;, &#xBF;por qu&#xE9;desapareci&#xF3; esta gran civilizaci&#xF3;n?. China: vea como un mundo cambiante y los actos de agresi&#xF3;n extranjera, llevaron al final del &#xFA;ltimo emperador de la Dinast&#xED;a Ming. Caligraf&#xED;a: la postura, control, ritmo y balance son importantes para que las letras fluyan como una danza</subfield>
  </datafield>
  <datafield tag="650" ind1="1" ind2="4">
    <subfield code="2">LEMB</subfield>
    <subfield code="a">Caligraf&#xED;a</subfield>
    <subfield code="x">Historia</subfield>
    <subfield code="y">Videodiscos</subfield>
  </datafield>
  <datafield tag="650" ind1="1" ind2="4">
    <subfield code="2">LEMB</subfield>
    <subfield code="a">Civilizaci&#xF3;n china</subfield>
    <subfield code="v">Videodiscos</subfield>
    <subfield code="x">Historia</subfield>
  </datafield>
  <datafield tag="650" ind1="1" ind2="4">
    <subfield code="2">LEMB</subfield>
    <subfield code="a">Civilizaci&#xF3;n antigua</subfield>
    <subfield code="v">Videodiscos</subfield>
  </datafield>
  <datafield tag="942" ind1=" " ind2=" ">
    <subfield code="2">ddc</subfield>
    <subfield code="c">DVD</subfield>
  </datafield>
  <datafield tag="264" ind1=" " ind2=" ">
    <subfield code="a">[Bogot&#xE1;]</subfield>
    <subfield code="b">MS Tv &amp; Videos</subfield>
    <subfield code="c">2005</subfield>
  </datafield>
  <datafield tag="336" ind1=" " ind2=" ">
    <subfield code="a">texto</subfield>
    <subfield code="b">txt</subfield>
    <subfield code="2">rdacontent</subfield>
  </datafield>
  <datafield tag="337" ind1=" " ind2=" ">
    <subfield code="a">sin mediaci&#xF3;n</subfield>
    <subfield code="b">n</subfield>
    <subfield code="2">rdamedia</subfield>
  </datafield>
  <datafield tag="338" ind1=" " ind2=" ">
    <subfield code="a">volumen</subfield>
    <subfield code="b">nc</subfield>
    <subfield code="2">rdacarrier</subfield>
  </datafield>
  <datafield tag="040" ind1=" " ind2=" ">
    <subfield code="a">CO-BoRNBP</subfield>
    <subfield code="b">spa</subfield>
    <subfield code="e">rda</subfield>
    <subfield code="c">CO-BoRNBP</subfield>
  </datafield>
  <datafield tag="999" ind1=" " ind2=" ">
    <subfield code="c">8227</subfield>
    <subfield code="d">8227</subfield>
  </datafield>
</record>
